細田守監督の映画(ポスター付き) - Statistics

General Stats
  • This quiz has been taken 156 times
  • The average score is 5 of 6
Answer Stats
Picture Answer % Correct
サマーウォーズ
94%
時をかける少女
87%
バケモノの子
83%
おおかみこどもの雨と雪
80%
竜とそばかすの姫
65%
未来のミライ
59%
No matching quizzes found
Score Distribution
Percent of People with Each Score
Percentile by Number Answered
Your Score History
You have not taken this quiz